Online
Catalog

Orientación vocacional y profesional / (Record no. 23804)

MARC details
000 -CABECERA
campo de control de longitud fija 00823nam a2200229 a 4500
001 - NÚMERO DE CONTROL
campo de control 000024311
005 - FECHA Y HORA DE LA ÚLTIMA TRANSACCIÓN
campo de control 20260401105821.0
008 - DATOS DE LONGITUD FIJA--INFORMACIÓN GENERAL
campo de control de longitud fija 110126s1959 ag r 000 0 spa d
040 ## - FUENTE DE LA CATALOGACIÓN
Centro catalogador/agencia de origen DO-SdBNP
Lengua de catalogación spa
Centro/agencia transcriptor BNPHU
082 ## - NÚMERO DE LA CLASIFICACIÓN DECIMAL DEWEY
Número de clasificación xxx
Número de documento/Ítem xxx
100 1# - ENTRADA PRINCIPAL--NOMBRE DE PERSONA
Nombre de persona Jeangros, Ervin,
9 (RLIN) 49885
240 10 - TÍTULO UNIFORME
Título uniforme Berufsberatung und berufswahl.
Lenguaje de la obra Español.
245 10 - MENCIÓN DE TÍTULO
Título Orientación vocacional y profesional /
Mención de responsabilidad, etc. Ervin Jeangros ; traducción de María Ruth R. Margrett.
260 ## - PUBLICACIÓN, DISTRIBUCIÓN, ETC.
Lugar de publicación, distribución, etc. Buenos Aires :
Nombre del editor, distribuidor, etc. Kapelusz,
Fecha de publicación, distribución, etc. 1959.
300 ## - DESCRIPCIÓN FÍSICA
Extensión vi, 167 p. ;
Dimensiones 20 cm.
490 1# - MENCIÓN DE SERIE
Mención de serie Moreno
Designación de volumen o secuencia 372
534 ## - NOTA SOBRE LA VERSIÓN ORIGINAL
Encabezamiento principal del original Título de la edición original :
Frase introductoria Berufsberatung und berufswahl.
650 #4 - PUNTO DE ACCESO ADICIONAL DE MATERIA--TÉRMINO DE MATERIA
Término de materia o nombre geográfico como elemento de entrada Orientación estudiantil
9 (RLIN) 734
650 #0 - PUNTO DE ACCESO ADICIONAL DE MATERIA--TÉRMINO DE MATERIA
Término de materia o nombre geográfico como elemento de entrada Orientación profesional y vocacional
9 (RLIN) 49886
650 #0 - PUNTO DE ACCESO ADICIONAL DE MATERIA--TÉRMINO DE MATERIA
Término de materia o nombre geográfico como elemento de entrada Administración de personal
9 (RLIN) 1581
830 #0 - PUNTO DE ACCESO ADICIONAL DE SERIE-TÍTULO UNIFORME
Título uniforme Moreno ;
Designación de volumen o secuencia 372
9 (RLIN) 49887

No items available.

Powered by Koha